Т. 40 : Казахская ССР. Южный Казахстан. Период 1800-1917. Вып. 1 : Опубликованные работы; Геологическая изученность СССР

Bibliografiset tiedot
Parent link:Геологическая изученность СССР: [обзорные главы, рефераты, аннотации и библиографические справки]/ Академия Наук СССР, Комиссия по геологической изученности СССР. Т. 40 : Казахская ССР. Южный Казахстан. Период 1800-1917. Вып. 1 : Опубликованные работы.— , 1961-1988
Yhteisötekijä: Академия наук Казахской ССР (АН КазССР) Институт геологических наук им. К. И. Сатпаева (ИГН)
Muut tekijät: Садыков А. М. (редактор)
Kieli:venäjä
Julkaistu: 1986
Aiheet:
Aineistotyyppi: Kirja
KOHA link:https://koha.lib.tpu.ru/cgi-bin/koha/opac-detail.pl?biblionumber=278785

MARC

LEADER 00000nam2a2200000 4500
001 278785
005 20231101235139.0
020 |a RU  |b 86-20976 
035 |a (RuTPU)RU\TPU\book\302063 
090 |a 278785 
100 |a 20141215d1986 k y0rusy5003 ca 
101 0 |a rus 
102 |a RU 
105 |a y ad 001zy 
200 0 |a Т. 40 : Казахская ССР. Южный Казахстан. Период 1800-1917. Вып. 1 : Опубликованные работы  |f Академия наук Казахской ССР (АН КазССР), Институт геологических наук им. К. И. Сатпаева (ИГН) ; отв. ред. А. М. Садыков 
210 |d 1986 
215 |a 264 с. 
320 |a Авторский указатель: с. 251-254 
320 |a Географический указатель: с. 255-260 
320 |a Указатель минералов, полезных ископаемых и месторождений: с. 261-263 
461 1 |0 (RuTPU)RU\TPU\book\58444  |t Геологическая изученность СССР  |o [обзорные главы, рефераты, аннотации и библиографические справки]  |f Академия Наук СССР, Комиссия по геологической изученности СССР  |v Т. 40 : Казахская ССР. Южный Казахстан. Период 1800-1917. Вып. 1 : Опубликованные работы  |d 1961-1988 
606 1 |a Геологическая изученность  |y СССР  |2 stltpush  |3 (RuTPU)RU\TPU\subj\6035  |9 34000 
610 1 |a геология 
610 1 |a Казахская ССР 
610 1 |a Южный Казахстан 
610 1 |a геологические исследования 
610 1 |a геологическое районирование 
610 1 |a опубликованные источники 
610 1 |a рефераты 
610 1 |a библиографические пособия 
675 |a 55(47+57)  |v 4 
702 1 |a Садыков  |b А. М.  |4 340 
712 0 2 |a Академия наук Казахской ССР (АН КазССР)  |b Институт геологических наук им. К. И. Сатпаева (ИГН)  |c (Алма-Ата)  |2 stltpush  |3 (RuTPU)RU\TPU\col\5163 
801 0 |a RU  |b RuMRKP  |c 19960704  |g psbo 
801 1 |a RU  |b 63413507  |c 20141215 
801 2 |a RU  |b 63413507  |c 20180117  |g RCR 
942 |c BK